Maqamaat i Daudi = مقامات دائودی / (Record no. 128222)
[ view plain ]
| 000 -LEADER | |
|---|---|
| fixed length control field | 00524nam a22001457a 4500 |
| 005 - DATE AND TIME OF LATEST TRANSACTION | |
| control field | 20220905120150.0 |
| 008 - FIXED-LENGTH DATA ELEMENTS--GENERAL INFORMATION | |
| fixed length control field | 220905b ||||| |||| 00| 0 eng d |
| 040 ## - CATALOGING SOURCE | |
| Transcribing agency | PK-LaUMT |
| 082 ## - DEWEY DECIMAL CLASSIFICATION NUMBER | |
| Classification number | APC 297.4092 |
| Item number | ABD-M |
| 100 ## - MAIN ENTRY--PERSONAL NAME | |
| Personal name | Abdul Baqi bin Jan Muhammad = عبدالباقی بن جان محمد |
| 245 ## - TITLE STATEMENT | |
| Title | Maqamaat i Daudi = مقامات دائودی / |
| Statement of responsibility, etc | by Abdul Baqi bin Jan Muhammad = عبدالباقی بن جان محمد |
| 260 ## - PUBLICATION, DISTRIBUTION, ETC. (IMPRINT) | |
| Place of publication, distribution, etc | Renalakhurd : |
| Name of publisher, distributor, etc | Syed Muhammad Mohsin, |
| Date of publication, distribution, etc | NA |
| 300 ## - PHYSICAL DESCRIPTION | |
| Extent | 324 p. |
| 942 ## - ADDED ENTRY ELEMENTS (KOHA) | |
| Koha item type | Books |
| Withdrawn status | Lost status | Damaged status | Home library | Current library | Date acquired | Full call number | Barcode | Date last seen | Price effective from | Koha item type |
|---|---|---|---|---|---|---|---|---|---|---|
| UMT Main Campus | UMT Main Campus | 2022-09-05 | APC 297.4092 ABD-M | 143823 | 2022-09-05 | 2022-09-05 | Books |
